000 00341nam a2200145Ia 4500
008 230312s9999||||xx |||||||||||||| ||und||
020 _a0-333-98595-8
082 _a005.117
_bLUU-S
100 _aKamthane;Ashok
245 0 _aProgramming in C
260 _bAshford
_aUK
_c2003
300 _a413
650 _aComputer
_vComputer
942 _cBK
999 _c15291
_d15291